Guide pratique de la médecine d'urgence (Record no. 17531)
[ view plain ]
| 000 -LEADER | |
|---|---|
| fixed length control field | 00377 a2200181 4500 |
| 035 ## - SYSTEM CONTROL NUMBER | |
| System control number | 3061 |
| 035 ## - SYSTEM CONTROL NUMBER | |
| System control number | 3058 |
| 035 ## - SYSTEM CONTROL NUMBER | |
| System control number | 3059 |
| 035 ## - SYSTEM CONTROL NUMBER | |
| System control number | 3057 |
| 035 ## - SYSTEM CONTROL NUMBER | |
| System control number | 3060 |
| 100 ## - VEDETTE PRINCIPALE - NOM DE PERSONNE | |
| Personal name | Virenque, C. |
| 245 ## - TITLE STATEMENT | |
| Title | Guide pratique de la médecine d'urgence |
| 260 ## - PUBLICATION, DISTRIBUTION, ETC. (IMPRINT) | |
| Date of publication, distribution, etc | 1985 |
| 300 ## - PHYSICAL DESCRIPTION | |
| Extent | 194 p. |
| Withdrawn status | Lost status | Damaged status | Not for loan | Location (home branch) | Sublocation or collection (holding branch) | Date acquired | Koha issues (times borrowed) | Koha full call number | Koha date last seen | Price effective from | Koha item type |
|---|---|---|---|---|---|---|---|---|---|---|---|
| Bibliothèque Faculté des Sciences de la Santé | Bibliothèque Faculté des Sciences de la Santé | 27/02/2009 | WB 300 VIR | 27/02/2009 | 27/02/2009 | Livre |